与土耳其接壤的国家 - Statistics

General Stats
  • This quiz has been taken 175 times
  • The average score is 7 of 8
Answer Stats
边界长度
(千米)
国家 % Correct
206 希腊
96%
822 叙利亚
91%
268 亚美尼亚
91%
252 格鲁吉亚
89%
352 伊拉克
87%
9 阿塞拜疆
87%
499 伊朗
81%
240 保加利亚
78%
No matching quizzes found
Score Distribution
Percent of People with Each Score
Percentile by Number Answered
Your Score History
You have not taken this quiz